000 00912nam a2200217Ia 4500
001 15843
005 20260325164820.0
008 260306t2014||||xx |||||||||||||| ||und||
041 _aESP
082 _a620.11
_bM84
100 _aMontes, J. M.
_eAUT
245 0 _aCiencia e ingeniería de los materiales
260 _c2014
300 _axvi, 846 páginas :
_c27 cm.
650 _aGEN
654 _aCII
856 _uhttps://itmsp.museknowledge.com/UCSP?url=https://www.ebooks7-24.com:443/?il=19639&pg=1
_zVéase además: Ciencia e ingeniería de materiales, Askeland, Donald R. Versión digital
856 _uhttps://0u213u40r-y-https-ebooks7--24-com.itmsp.museknowledge.com/biblioteca.aspx
_zVéase además: Base de datos Ebook7-24
856 _uhttps://0u21du40v-y-https-ebooks-editorialmacro-com.itmsp.museknowledge.com/library
_zVéase además: Base de datos Macro Digital
942 _cLIB
_dJUS
_fJUS
_2ddc
999 _c15843
_d15843